MARC details
| 000 -CABECERA |
| campo de control de longitud fija |
01282nam a2200325 a 4500 |
| 001 - NÚMERO DE CONTROL |
| campo de control |
000000746 |
| 003 - IDENTIFICADOR DEL NÚMERO DE CONTROL |
| campo de control |
DO-SdBNP |
| 005 - FECHA Y HORA DE LA ÚLTIMA TRANSACCIÓN |
| campo de control |
20251210123949.0 |
| 008 - DATOS DE LONGITUD FIJA--INFORMACIÓN GENERAL |
| campo de control de longitud fija |
090429s2002 sp 001 0 spa d |
| 020 ## - NÚMERO INTERNACIONAL ESTÁNDAR DEL LIBRO |
| Número Internacional Estándar del Libro |
8449312221 |
| 020 ## - NÚMERO INTERNACIONAL ESTÁNDAR DEL LIBRO |
| Número Internacional Estándar del Libro |
9788449312229 |
| 035 ## - NÚMERO DE CONTROL DEL SISTEMA |
| Número de control de sistema |
(OCoLC)319640132 |
| 040 ## - FUENTE DE LA CATALOGACIÓN |
| Centro catalogador/agencia de origen |
DO-SdBNP |
| Lengua de catalogación |
spa |
| Centro/agencia transcriptor |
BNPHU |
| 041 17 - CÓDIGO DE LENGUA |
| Código de lengua del texto/banda sonora o título independiente |
spa |
| Código de lengua original |
fra |
| 082 #4 - NÚMERO DE LA CLASIFICACIÓN DECIMAL DEWEY |
| Número de clasificación |
190 |
| Número de documento/Ítem |
C739i |
| Número de edición |
22 |
| 100 1# - ENTRADA PRINCIPAL--NOMBRE DE PERSONA |
| Nombre de persona |
Comte-Sponville, André |
| 9 (RLIN) |
2543 |
| 240 10 - TÍTULO UNIFORME |
| Título uniforme |
Présentations de la philosophie |
| 245 10 - MENCIÓN DE TÍTULO |
| Título |
Invitación a la filosofía / |
| Mención de responsabilidad, etc. |
André Comte-Sponville ; traducción del francés Vicente Gómez Ibáñez. |
| 260 ## - PUBLICACIÓN, DISTRIBUCIÓN, ETC. |
| Lugar de publicación, distribución, etc. |
Barcelona : |
| Nombre del editor, distribuidor, etc. |
Paidós, |
| Fecha de publicación, distribución, etc. |
2002. |
| 300 ## - DESCRIPCIÓN FÍSICA |
| Extensión |
200 p. ; |
| Dimensiones |
22 cm. |
| 490 0# - MENCIÓN DE SERIE |
| Mención de serie |
Paidós Contextos ; |
| Designación de volumen o secuencia |
74 |
| 504 ## - NOTA DE BIBLIOGRAFÍA, ETC. |
| Nota de bibliografía, etc. |
Bibliografía: p.165-200. |
| 505 0# - NOTA DE CONTENIDO CON FORMATO |
| Título |
Prólogo -- |
| -- |
La moral -- |
| -- |
La política -- |
| -- |
El amor -- |
| -- |
La muerte -- |
| -- |
El conocimiento -- |
| -- |
La libertad -- |
| -- |
Dios -- |
| -- |
El ateísmo -- |
| -- |
El arte -- |
| -- |
El tiempo -- |
| -- |
El hombre -- |
| -- |
La sabiduría -- |
| -- |
Bibliografía -- |
| -- |
Bibliografía complementaria. |
| 650 #0 - PUNTO DE ACCESO ADICIONAL DE MATERIA--TÉRMINO DE MATERIA |
| Término de materia o nombre geográfico como elemento de entrada |
Filosofía moderna |
| Subdivisión de forma |
Ensayos, conferencias, etc. |
| Subdivisión cronológica |
Siglo XX |
| 9 (RLIN) |
8156 |
| 650 #4 - PUNTO DE ACCESO ADICIONAL DE MATERIA--TÉRMINO DE MATERIA |
| Término de materia o nombre geográfico como elemento de entrada |
Ensayos franceses |
| 9 (RLIN) |
2545 |
| 700 1# - PUNTO DE ACCESO ADICIONAL--NOMBRE DE PERSONA |
| Nombre de persona |
Gómez Ibáñez, Vicente, |
| Término indicativo de función/relación |
tr. |
| 9 (RLIN) |
2546 |
| 830 #1 - PUNTO DE ACCESO ADICIONAL DE SERIE-TÍTULO UNIFORME |
| Título uniforme |
Paidós Contextos ; |
| Designación de volumen o secuencia |
74 |
| 9 (RLIN) |
2547 |
| 910 ## - DATOS DE OPCIÓN DEL USUARIO (OCLC) |
| Datos de opción del usuario |
Validado. Control de calidad EMS |
| 942 ## - ELEMENTOS DE PUNTO DE ACCESO ADICIONAL (KOHA) |
| Fuente del sistema de clasificación o colocación |
Dewey Decimal Classification |
| Tipo de ítem Koha |
Libro |